| 000 | 01014nam a2200193Ia 4500 | ||
|---|---|---|---|
| 001 | 15163 | ||
| 003 | GE_BSU | ||
| 008 | 181216s||||||||xx |||||||||||||| ||und|| | ||
| 040 | _cGE_BSU | ||
| 080 | _a342.8(479.22)(094.4) | ||
| 245 | _aსაქართველოს ორგანული კანონი:ადგილობრივი თვითმმართველობის კოდექსი | ||
| 245 | _bUSAID ამერიკელი ხალხისგან:დემოკრატიული მმართველობა საქართველოში (С3) პროგრამა | ||
| 260 | _aქუთაისი | ||
| 260 | _c2014 | ||
| 300 | _a90გვ.26სმ. | ||
| 653 | _aUSAID ამერიკელი ხალხისგან:დემოკრატიული მმართველობა საქართველოში | ||
| 653 | _aსაქართველოს ორგანული კანონი | ||
| 942 | _cBK | ||
| 999 |
_c48278 _d48278 |
||